<?xml version="1.0" encoding="UTF-8"?>
<record
    xmlns:xsi="http://www.w3.org/2001/XMLSchema-instance"
    xsi:schemaLocation="http://www.loc.gov/MARC21/slim http://www.loc.gov/standards/marcxml/schema/MARC21slim.xsd"
    xmlns="http://www.loc.gov/MARC21/slim">

  <leader>00541nam a22001697a 4500</leader>
  <datafield tag="952" ind1=" " ind2=" ">
    <subfield code="0">0</subfield>
    <subfield code="1">0</subfield>
    <subfield code="2">ddc</subfield>
    <subfield code="4">0</subfield>
    <subfield code="7">0</subfield>
    <subfield code="8">NFIC</subfield>
    <subfield code="a">ASL</subfield>
    <subfield code="b">ASL</subfield>
    <subfield code="c">GEN</subfield>
    <subfield code="d">2021-10-31</subfield>
    <subfield code="e">ASB Library Collection</subfield>
    <subfield code="h">U-0677</subfield>
    <subfield code="l">0</subfield>
    <subfield code="o">910 HUW</subfield>
    <subfield code="p">113377</subfield>
    <subfield code="r">2021-10-31 00:00:00</subfield>
    <subfield code="t">C-1</subfield>
    <subfield code="w">2021-10-31</subfield>
    <subfield code="y">BK</subfield>
  </datafield>
  <datafield tag="999" ind1=" " ind2=" ">
    <subfield code="c">27286</subfield>
    <subfield code="d">27286</subfield>
  </datafield>
  <controlfield tag="003">BDDh-ASL</controlfield>
  <controlfield tag="005">20231015030740.0</controlfield>
  <controlfield tag="008">211031s1888    ii ||||| |||| 00| 0 u   d</controlfield>
  <datafield tag="040" ind1=" " ind2=" ">
    <subfield code="a">BDDh-ASL</subfield>
    <subfield code="c">BDDh-ASL</subfield>
  </datafield>
  <datafield tag="082" ind1=" " ind2=" ">
    <subfield code="a">910</subfield>
    <subfield code="b">HUW</subfield>
  </datafield>
  <datafield tag="100" ind1="1" ind2=" ">
    <subfield code="9">5051</subfield>
    <subfield code="a">Hussain, Khalifa Syed Mohammad</subfield>
  </datafield>
  <datafield tag="245" ind1="1" ind2="0">
    <subfield code="a">Waqai Seer wa Siyahat  Dr. Bernier  : / &#x648;&#x642;&#x627;&#x626;&#x639; &#x633;&#x64A;&#x631; &#x648; &#x633;&#x64A;&#x627;&#x62D;&#x62A; &#x688;&#x627;&#x6A9;&#x679;&#x631; &#x628;&#x631;&#x646;&#x626;&#x631;  </subfield>
  </datafield>
  <datafield tag="260" ind1=" " ind2=" ">
    <subfield code="a">Amritsar : </subfield>
    <subfield code="b">Riazmand Press , </subfield>
    <subfield code="c">1888. </subfield>
  </datafield>
  <datafield tag="300" ind1=" " ind2=" ">
    <subfield code="a">834 p. : </subfield>
    <subfield code="c">23 cm. </subfield>
  </datafield>
  <datafield tag="650" ind1=" " ind2="0">
    <subfield code="9">3535</subfield>
    <subfield code="a">Travels </subfield>
    <subfield code="x">Travelogue </subfield>
  </datafield>
  <datafield tag="942" ind1=" " ind2=" ">
    <subfield code="2">ddc</subfield>
    <subfield code="c">BK</subfield>
  </datafield>
</record>
